Social change and economic reform in Africa / (Record no. 9378)

MARC details
000 -LEADER
fixed length control field 01690nam a2200409 a 4500
001 - CONTROL NUMBER
control field 4439418
003 - CONTROL NUMBER IDENTIFIER
control field OSt
005 - DATE AND TIME OF LATEST TRANSACTION
control field 20260427145534.0
008 - FIXED-LENGTH DATA ELEMENTS--GENERAL INFORMATION
fixed length control field 940404s1993 fi b b 100 0 eng d
010 ## - LIBRARY OF CONGRESS CONTROL NUMBER
LC control number 94140143
020 ## - INTERNATIONAL STANDARD BOOK NUMBER
International Standard Book Number 9171063315
020 ## - INTERNATIONAL STANDARD BOOK NUMBER
International Standard Book Number 9789171063311
035 ## - SYSTEM CONTROL NUMBER
System control number 4439418
035 ## - SYSTEM CONTROL NUMBER
System control number (OCoLC)29825590
040 ## - CATALOGING SOURCE
Original cataloging agency IEN
Transcribing agency IEN
Modifying agency CU
-- DLC
042 ## - AUTHENTICATION CODE
Authentication code lccopycat
043 ## - GEOGRAPHIC AREA CODE
Geographic area code fb-----
050 00 - LIBRARY OF CONGRESS CALL NUMBER
Classification number HC800
Item number .S6 1993
082 00 - DEWEY DECIMAL CLASSIFICATION NUMBER
Classification number 303.4 SOC
Edition number 20
245 00 - TITLE STATEMENT
Title Social change and economic reform in Africa /
Statement of responsibility, etc. edited by Peter Gibbon.
260 ## - PUBLICATION, DISTRIBUTION, ETC. (IMPRINT)
Place of publication, distribution, etc. Uppsala :
Name of publisher, distributor, etc. Nordiska Afrikainstitutet (The Scandinavian Institute of African Studies),
Date of publication, distribution, etc. 1993.
300 ## - PHYSICAL DESCRIPTION
Extent 381 p.:
Other physical details maps ;
Dimensions 22 cm.
336 ## - CONTENT TYPE
Content type term text
Content type code txt
Source rdacontent
337 ## - MEDIA TYPE
Media type term unmediated
Media type code n
Source rdamedia
338 ## - CARRIER TYPE
Carrier type term volume
Carrier type code nc
Source rdacarrier
500 ## - GENERAL NOTE
General note "Papers ... presented at a workshop jointly organised by the Scandinavian Institute of African Studies (SIAS) and the School of Social Work, University of Zimbabwe, in Harare in March 1992"--P. 5.
504 ## - BIBLIOGRAPHY, ETC. NOTE
Bibliography, etc Includes bibliographical references (p. [360]-378).
650 #0 - SUBJECT ADDED ENTRY--TOPICAL TERM
Topical term or geographic name as entry element Structural adjustment (Economic policy)
Geographic subdivision Africa, Sub-Saharan
General subdivision Congresses.
651 #0 - SUBJECT ADDED ENTRY--GEOGRAPHIC NAME
Geographic name Africa, Sub-Saharan
General subdivision Economic conditions
Chronological subdivision 1960-
General subdivision Congresses.
651 #0 - SUBJECT ADDED ENTRY--GEOGRAPHIC NAME
Geographic name Africa, Sub-Saharan
General subdivision Social conditions
Chronological subdivision 1960-
General subdivision Congresses.
700 1# - ADDED ENTRY--PERSONAL NAME
Personal name Gibbon, Peter.
710 2# - ADDED ENTRY--CORPORATE NAME
Corporate name or jurisdiction name as entry element Nordiska Afrikainstitutet.
906 ## - LOCAL DATA ELEMENT F, LDF (RLIN)
a 7
b cbc
c copycat
d 2
e ncip
f 19
g y-gencatlg
942 ## - ADDED ENTRY ELEMENTS (KOHA)
Source of classification or shelving scheme Dewey Decimal Classification
Koha item type BOOKS
Holdings
Withdrawn status Lost status Source of classification or shelving scheme Damaged status Not for loan Home library Current library Shelving location Date acquired Total Checkouts Full call number Barcode Date last seen Price effective from Koha item type
    Dewey Decimal Classification     Dodoma Dodoma Ground Floor 27/04/2026   303.4 SOC LIB001828 27/04/2026 27/04/2026 BOOKS

IRDP © 2021 :: Managed by ICT Team